000 00648nam a22002177a 4500
003 UA-OsUOA
001 104771
007 ta
008 20140129b un ||||| |||| 00| 0 ukr d
100 _aЄщенко П.С.
090 _a330(477)
_bЕ99
942 _cSA
040 _aUA-OsUOA
_bukr
_cUA-OsUOA
_dUA-OsUOA
245 _aЕкономічне зростання без розвитку: причини і шляхи інноваційного перетворення економіки
300 _aС.4-21
955 _a0
041 _aukr
080 _a330(477)
773 0 _w104770
650 7 _a330 Економіка взагалі
_2UDC
999 _c391019
_d391019